Score 0/15 Timer 03:00
4 Plays Today
% Correct
Archie
98.8%
Betty
97.8%
Cheryl
96.8%
Jughead
96.1%
Kevin
92.4%
Dilton
90.8%
Veronica
90.7%
Josie
89.4%
% Correct
Geraldine
86.7%
Ethel
84.6%
Chuck
80.1%
Reggie
79.9%
Midge
70.5%
Melody
64.5%
Jennifer
63.9%
Remove Ads.
Support Sporcle.
Get the best of Sporcle when you Go Orange. This ad-free experience offers more features, more stats, and more fun while also helping to support Sporcle. Thank you for becoming a member.

You're not logged in!

Compare scores with friends on all Sporcle quizzes.
OR
Log In

Show Comments

Extras

Top Quizzes Today


Score Distribution

Your Account Isn't Verified!

In order to create a playlist on Sporcle, you need to verify the email address you used during registration. Go to your Sporcle Settings to finish the process.

Report this User

Report this user for behavior that violates our Community Guidelines.

Details: